| 000 | 00556nam a22001937a 4500 | ||
|---|---|---|---|
| 999 |
_c2894 _d2894 |
||
| 003 | AR-CdUCM | ||
| 008 | 190305b ||||| |||| 00| 0 spa d | ||
| 040 |
_aMUNICIPALIDAD PROVINCIAL DEL CUSCO _cBIBLIOTECA MUNICIPAL DEL CUSCO |
||
| 082 |
_a869.33 / _bQ44 |
||
| 100 |
_aQuijada Cerda, Aníbal _99973 |
||
| 245 | _aCerco de Puas / | ||
| 260 |
_aCuba : _bCasa de Las Américas ; _c1977. |
||
| 300 |
_a170 páginas ; _c19cm |
||
| 505 | _aNovela | ||
| 650 |
_aNovela chilena _99974 |
||
| 650 |
_aNovela siglo XX _9450 |
||
| 942 |
_2ddc _cLIBROS |
||
| 945 | _anom | ||